| 000 -LEADER | |
|---|---|
| fixed length control field | 00401nam a22001577a 4500 |
| 005 - DATE AND TIME OF LATEST TRANSACTION | |
| control field | 20180203115811.0 |
| 008 - FIXED-LENGTH DATA ELEMENTS--GENERAL INFORMATION | |
| fixed length control field | 160428b xxu||||| |||| 00| 0 eng d |
| 041 ## - LANGUAGE CODE | |
| Language code of text/sound track or separate title | eng |
| 082 ## - DEWEY DECIMAL CLASSIFICATION NUMBER | |
| Item number | 00557 |
| Classification number | 004.22 |
| 100 ## - MAIN ENTRY--AUTHOR NAME | |
| Personal name | Mano, Morris M. |
| 245 ## - TITLE STATEMENT | |
| Title | Computer System Architecture |
| 260 ## - PUBLICATION, DISTRIBUTION, ETC. (IMPRINT) | |
| Place of publication | New Delhi |
| Name of publisher | Pearson Education, |
| Year of publication | 2004 |
| 300 ## - PHYSICAL DESCRIPTION | |
| Number of Pages | 525 |
| 650 ## - SUBJECT ADDED ENTRY--TOPICAL TERM | |
| Topical Term | Information Technology |
| 942 ## - ADDED ENTRY ELEMENTS (KOHA) | |
| Koha item type | Books |
| Lost status | Damaged status | Collection code | Home library | Current library | Shelving location | Date acquired | Cost, normal purchase price | Full call number | Accession Number | Koha item type |
|---|---|---|---|---|---|---|---|---|---|---|
| CS/IT | JRU Library | JRU Library | SHELF-49-B | 28/04/2016 | 195.00 | 00557 | 00557 | Books | ||
| CS/IT | JRU Library | JRU Library | SHELF-49-B | 28/04/2016 | 195.00 | 00557 | 00558 | Books | ||
| CS/IT | JRU Library | JRU Library | SHELF-49-B | 28/04/2016 | 195.00 | 00557 | 00559 | Books | ||
| CS/IT | JRU Library | JRU Library | SHELF-49-B | 28/04/2016 | 195.00 | 00557 | 00560 | Books | ||
| CS/IT | JRU Library | JRU Library | SHELF-49-B | 28/04/2016 | 195.00 | 00557 | 00561 | Books |